000
00252nam a22001217a 4500
003
SGT
082
_a
370
_b
JHA
100
_a
JHA, SANJAY RODRICK
245
_a
TEACHING ENGLISH
260
_a
DELHI
_b
RI PUB.
_c
2019
300
_a
187
942
_2
ddc
_c
BK
_0
1
999
_c
17560
_d
17560